|
|
|
|
| LEADER |
00000nam0a2200000 4500 |
| 001 |
340456 |
| 005 |
20231102005236.0 |
| 010 |
|
|
|a 9785811418701
|
| 035 |
|
|
|a (RuTPU)RU\TPU\book\367344
|
| 090 |
|
|
|a 340456
|
| 100 |
|
|
|a 20180328d2019 k y0rusy50 ca
|
| 101 |
0 |
|
|a rus
|
| 102 |
|
|
|a RU
|
| 105 |
|
|
|a a z 001zy
|
| 200 |
1 |
|
|a Колоночная аналитическая хроматография: практика, теория, моделирование
|e монография
|f А. М. Долгоносов, О. Б. Рудаков, А. Г. Прудковский
|
| 205 |
|
|
|a 2-е изд., испр.
|
| 210 |
|
|
|a Санкт-Петербург
|c Лань
|d 2019
|
| 215 |
|
|
|a 468 с.
|c ил.
|
| 225 |
1 |
|
|a Учебники для вузов. Специальная литература
|
| 320 |
|
|
|a Библиогр. в конце ч.
|
| 330 |
|
|
|a В монографии приводятся базовые сведения о современных методах хроматографического анализа, таких как жидкостная, ионная и газовая хроматографии, рассмотрены возможности применения математического моделирования, информационно-аналитических систем для повышения достоверности результатов анализа, развиваются теоретические представления о высокоэффективных хроматографических процессах. Книга предназначена для научных работников, преподавателей, аспирантов, магистрантов и студентов, занимающихся хроматографией, аналитической химией, химией, физикой и механикой материалов, содержит богатый справочный и библиографический материал, может быть использована в качестве учебного пособия.
|
| 606 |
1 |
|
|a Хроматография колоночная
|2 stltpush
|3 (RuTPU)RU\TPU\subj\73844
|9 86590
|
| 610 |
1 |
|
|a хроматографические методы
|
| 610 |
1 |
|
|a аналитическая химия
|
| 610 |
1 |
|
|a аналитическая хроматография
|
| 610 |
1 |
|
|a газовая хроматография
|
| 610 |
1 |
|
|a жидкостная хроматография
|
| 610 |
1 |
|
|a ионная хроматография
|
| 610 |
1 |
|
|a разделение
|
| 610 |
1 |
|
|a математическое моделирование
|
| 675 |
|
|
|a 543.544.9
|v 4
|
| 700 |
|
1 |
|a Долгоносов
|b А. М.
|g Анатолий Михайлович
|
| 701 |
|
1 |
|a Рудаков
|b О. Б.
|g Олег Борисович
|
| 701 |
|
1 |
|a Прудковский
|b А. Г.
|g Андрей Гаральдович
|
| 801 |
|
1 |
|a RU
|b 63413507
|c 20180328
|
| 801 |
|
2 |
|a RU
|b 63413507
|c 20200203
|g RCR
|
| 942 |
|
|
|c BK
|
| 959 |
|
|
|a 1/20180221
|d 1
|e 1323,00
|f ЧЗТЛ:1
|